00558nam a2200181 a 45000010010000000030011000100080041000210350026000620820015000881000018001032450053001212600053001746500011002279420012002389520091002509980020003419990015003610000-8860ELIB.Books110520 2006  a(ELIB.Books)0000-9006 aB.Th bLah aLah Shee, Naw aTo be a model person in the Twenty-First Century bInsein: Karen Baptist Theolgical Seminary c2006 aThesis 2ddccBK 00102ddc4070aKBTSbKBTSd2011-05-20l0p30272r2022-01-22 00:00:00w2022-01-22yBK cbate2011-05-20 c8860d8860